|
|
|
|
| LEADER |
00000nab a2200000ua 4500 |
| 001 |
vtls010763835 |
| 003 |
SK-MaSNL |
| 005 |
20260304200105.0 |
| 008 |
250718s1976 xo |||||||||||||||||slo| |
| 035 |
|
|
|a (urnnbn)urn:nbn:sk:snk:ar-004o2o
|
| 035 |
|
|
|a (uuid)f3eebbe2-4cc0-428c-824a-6531da921549
|
| 035 |
|
|
|a urn:nbn:sk:snk-ab44ak
|
| 040 |
|
|
|a SNKBUCL
|b slo
|c SNKBUCL
|e AACR2
|
| 041 |
0 |
|
|a slo
|
| 044 |
|
|
|a xo
|c SK
|
| 100 |
1 |
|
|a Majtán, Milan,
|d 1934-2018
|4 aut
|9 101907
|
| 245 |
1 |
0 |
|a Zlučovanie a názvy zlúčených obcí
|c M. Majtán
|
| 773 |
0 |
|
|t Kultúra slova : vedecko-popularizačný časopis pre jazykovú kultúru a terminológiu : orgán Jazykovedného ústavu Ľudovíta Štúra SAV, Jazykového odboru Matice slovenskej a Ústrednej jazykovej rady
|g Roč. 10, č. 3 (1976), s. 84-86
|
| 850 |
|
|
|a Slovenská národná knižnica
|
| 852 |
|
|
|a Slovenská národná knižnica
|
| 954 |
|
|
|a odborná, vedecká literatúra pôvodná (slovenská)
|2 lita
|
| 958 |
|
|
|a article3
|
| 958 |
|
|
|a OND
|
| 958 |
|
|
|a EUIPO
|
| 999 |
|
|
|c 3085196
|d 3087126
|